LIBRARY & INFORMATION CENTRE, KCAET, TAVANUR

ONLINE PUBLIC ACCESS CATALOGUE (OPAC)

Development and evaluation of pneumatic packaging machine for paddy (Record no. 14928)

MARC details
000 -LEADER
fixed length control field 00695nam a22001817a 4500
003 - CONTROL NUMBER IDENTIFIER
control field OSt
088 ## - REPORT NUMBER
Report number P 266
100 ## - MAIN ENTRY--AUTHOR NAME
Personal name FASEERA A.C
-- MIKHAIL P.J
-- SWATHA V.S
245 ## - TITLE STATEMENT
Title Development and evaluation of pneumatic packaging machine for paddy
260 ## - PUBLICATION, DISTRIBUTION, ETC. (IMPRINT)
Place of publication Tavanur 2013
Name of publisher Kelappaji College of Agricultural Engineering and Technology
300 ## - PHYSICAL DESCRIPTION
Number of Pages 44
500 ## - GENERAL NOTE
General note Development and evaluation of pneumatic packaging machine for paddy
520 ## - SUMMARY, ETC.
Summary, etc Development and evaluation of pneumatic packaging machine for paddy
700 ## - ADDED ENTRY--PERSONAL NAME
Personal name Dr. P.K Sureshkumar (Guide)
856 ## - ELECTRONIC LOCATION AND ACCESS
Uniform Resource Identifier https://drive.google.com/open?id=1pTarGrKTnVvduaUcFsWtNTFm0wUuDkLP
942 ## - ADDED ENTRY ELEMENTS (KOHA)
Koha item type Project Report
Holdings
Collection code Home library Current library Shelving location Full call number Accession Number Koha item type
Reference KAUAET KAUAET Reference 631.3 FAS/DE P 266 Project Report
free website counter